| 000 | 01606cam a22003131i 4500 | ||
|---|---|---|---|
| 003 | SA-RiAUC | ||
| 005 | 20250922065724.0 | ||
| 008 | 250919s1992 le g 000 0 ara c | ||
| 020 | _a3515057226 | ||
| 040 |
_aLB-JoUSK _bara _cSA-RiAUC. _erda |
||
| 082 | 0 | 4 | _a953.0738 |
| 090 |
_a953.0738 _bا ب ن ط |
||
| 100 | 1 |
_aابن الطوير القيسراني، عبد السلام بن الحسن بن عبد السلام، _d525-617 هجري _eمؤلف. |
|
| 245 | 1 | 0 |
_aنزهة المقلتين في أخبار الدولتين = _bNuzhat al-muqlatayn fi ahbar ad-daulatayn / _cابن الطوير أبو محمد المرتضى عبد السلام بن الحسن القيسراني ؛ أعاد بناءه وحققه وقدم له أيمن فؤاد سيد. |
| 246 | 3 | 1 | _aNuzhat al-muqlatayn fi ahbar ad-daulatayn |
| 264 | 1 |
_aبيروت : _bفرانتس شتاينر، _c1992. |
|
| 300 |
_a[متعدد الترقيم] ؛ _c25 سم. |
||
| 336 |
_aنص _btxt _2rdacontent _3كتاب |
||
| 337 |
_aبدون وسيط _bn _2rdamedia |
||
| 338 |
_aمجلد _bnc _2rdacarrier |
||
| 490 | 1 |
_aالنشرات الإسلامية ؛ _v39 |
|
| 500 | _aيشتمل على صفحة عنوان بالألمانية. | ||
| 651 | 7 |
_aالبلاد الإسلامية _xتاريخ _yالعصر الفاطمي، 909-1171 _2aucsh |
|
| 651 | 7 |
_aالبلاد الإسلامية _xتاريخ _yالعصر الأيوبي، 1171-1250 _2aucsh |
|
| 700 | 1 |
_aسيد، أيمن فؤاد، _d1949- _eمحقق. |
|
| 830 | 2 |
_aالنشرات الإسلامية _v39 |
|
| 942 |
_2ddc _cBOOK _n0 |
||
| 949 |
_aSA-JeALM _d250919 _umohamedma123 _n1 |
||
| 999 |
_c11982 _d11982 |
||